Missing Word: Olympic Verbs in Song Titles Quiz Stats

Quiz Updated Nov 24, 2015

Challenge
Share
Tweet
Embed
Score 0/24 Timer 04:00
0 Plays Today
Song Missing Word % Correct
I Get a ____ Out of You
Frank Sinatra
Kick
87.1%
____ the Road Jack
Ray Charles
Hit
86.5%
No Distance Left to ____
Blur
Run
80.2%
I ____ a Spell on You
Screamin' Jay Hawkins
Put
76.2%
Don't ____ Your Love Away
The Searchers
Throw
73.2%
Sleigh ____
Ella Fitzgerald
Ride
73.1%
____ (For My Love)
The Pointer Sisters
Jump
72%
You'll Never ____ Alone
from Carousel
Walk
71.6%
I'll ____ My Ship Alone
Jerry Lee Lewis
Sail
65.8%
How to ____ a Life
The Fray
Save
60.1%
Marathon Not a ____
Camera Obscura
Sprint
53.7%
____ to Thrill
AC/DC
Shoot
48.3%
Song Missing Word % Correct
Moonlight ____
Elvis Presley
Swim
47.8%
____ the Switch
The Rolling Stones
Flip
39%
Down on Music ____
Dolly Parton
Row
29.2%
Crash ____ on Mingo City
Queen
Dive
26.9%
Trample the Weak, ____ the Dead
Skinless
Hurdle
17.4%
Drink Poison, ____ Snakes
Gotohells
Wrestle
16.9%
London Air ____
Evan Parker & John Russell
Lift
13.8%
Ruffians on ____
The Kaiser Chiefs
Parade
13.6%
Gotta ____ Somebody
Bob Dylan
Serve
13.2%
The Sweetest ____
Burt Bacharach & Elvis Costello
Punch
13.1%
Boffyflow and ____
The Chieftains & Van Morrison
Spike
8.3%
____ Out
Sublime
Paddle
6.5%

Today's Daily Dose

You're not logged in!

Compare scores with friends on all Sporcle quizzes.
Sign Up with Email
OR
Log In

You Might Also Like...

Show Comments

Extras

Top Quizzes Today


Score Distribution

Your Account Isn't Verified!

In order to create a playlist on Sporcle, you need to verify the email address you used during registration. Go to your Sporcle Settings to finish the process.

Report this User

Report this user for behavior that violates our Community Guidelines.

Details: